| 000 | 01828nam a2200385 a 4500 | ||
|---|---|---|---|
| 003 | AR-BeUNQ | ||
| 005 | 20220224182343.0 | ||
| 008 | 170310s2013 ag ad d f 000 spa d | ||
| 020 | _a9789875475298 | ||
| 040 |
_aAR-BeUNQ _bspa |
||
| 082 | 0 | 4 |
_a510.7 _221 |
| 245 | 0 | 0 |
_aMatemática. _n3. |
| 250 | _a1a ed., 1a reimpr. | ||
| 260 |
_aSan Isidro : _bPuerto de Palos, _cc2013. |
||
| 300 |
_a240, 15 p. : _bil., gráficos ; _c27 cm. |
||
| 490 | 1 | _aActivados | |
| 505 | 0 | _aNúmeros reales -- Lenguaje algebraico -- Funciones -- Figuras planas -- Razones y proporciones -- Congruencia y semejanza -- Movimientos en el plano -- Estadística -- Combinatoria y probabilidad -- Trabajos prácticos -- Control de resultados -- Foto activados | |
| 650 | 7 |
_aNúmeros reales _2spines |
|
| 650 | 7 |
_aEcuaciones _2spines |
|
| 650 | 7 |
_aFunciones (matemáticas) _2spines |
|
| 650 | 7 |
_aGeometría plana _2spines |
|
| 650 | 7 |
_aTrigonometría _2spines |
|
| 650 | 7 |
_aAnálisis estadístico _2spines |
|
| 650 | 7 |
_aCombinaciones (matemáticas) _2spines |
|
| 650 | 7 |
_aTeoría de probabilidades _2spines |
|
| 650 | 7 |
_aEnseñanza media _2spines |
|
| 650 | 7 |
_aManuales _2spines |
|
| 830 | 0 |
_9157 _aActivados (Puerto de Palos) _lEspañol |
|
| 929 |
_aCOMPRA _bStratford Book Services _c2a compra 2016 Exp. 827-0946/16 _d370,00 _e20170102 _fPAT0066216 _j55475 |
||
| 929 |
_aCOMPRA _bStratford Book Services _c2a compra 2016 Exp. 827-0946/16 _d370,00 _e20170102 _fPAT0066217 _j55476 |
||
| 929 |
_aCOMPRA _bStratford Book Services _c2a compra 2016 Exp. 827-0946/16 _d370,00 _e20170102 _fPAT0066218 _j55477 |
||
| 929 |
_aCOMPRA _bStratford Book Services _c2a compra 2016 Exp. 827-0946/16 _d370,00 _e20170102 _fPAT0066219 _j55478 |
||
| 929 |
_aCOMPRA _bStratford Book Services _c2a compra 2016 Exp. 827-0946/16 _d370,00 _e20170102 _fPAT0066220 _j55479 |
||
| 942 |
_cLIB _n0 |
||
| 999 |
_c129 _d129 |
||